| 000 | 00959cab a2200265 4500 | ||
|---|---|---|---|
| 001 | WB3406-28 | ||
| 008 | 090401t1998 xxu||||| |||| 00| 0 eng d | ||
| 035 | _a(Sirsi) u84193 | ||
| 041 | _aeng | ||
| 245 | _aValue of freehold decisions | ||
| 260 | _c1998 | ||
| 350 | _a0 | ||
| 490 |
_aEvening Standard _v11 February 1998, 18(1) |
||
| 520 | _aThe Lands Tribunal does not want to receive appeals by landlords with disputes over the value of freehold, if already decided by a Leasehold Valuation Tribunal, unless there is a principle of law involved. Landlords are using the high costs of the Lands Tribunal as a threat to flat owners. | ||
| 650 | _aDETERMINATION OF PRICE | ||
| 650 | _aFLAT OWNERS | ||
| 650 | _aFREEHOLD | ||
| 650 | _aLANDS TRIBUNAL | ||
| 650 | _aLEASEHOLD ENFRANCHISEMENT | ||
| 650 | _aLEASEHOLD VALUATION TRIBUNAL | ||
| 650 | _aVALUE | ||
| 690 | _aLANDLORD AND TENANT-LEASEHOLD REFORM | ||
| 942 | _n0 | ||
| 948 | _c11/02/1998 | ||
| 999 |
_c52902 _d52902 |
||